• 首页
  • 本馆介绍
  • 公告通知
  • 最新文献
  • 馆藏检索
  • 电子资源
  • 读者导购
  • 参考咨询
  • 我的图书馆
  • 登录
  • 详细信息显示
  • 放入我的书架
  • 预约/预借图书
  • 作者相关作品
  • 分类相关作品
  • 丛书相关作品
  • 出版社相关作品

书目信息

  • 表格格式
  • 工作单格式
  • 卡片格式
题名:
测流建筑物
    
 
作者: 切包达列夫 , Чеботарев , 斯库耶 , Скуе 著 ;黄润韶 译
分册:  
出版信息: 北京   水利电力出版社  1958
页数: 346页
开本: 20cm
丛书名:
单 册:
中图分类: P332.4
科图分类:
主题词: 水文观测--流量--水工建筑物 , 流量观测--水工建筑物
电子资源:
ISBN: 15143.852
000 00959cam0 2200301 450
001 0105443565
005 20080104101934.0
010    @a15143.852@dCNY1.90
091    @a15143.852@dCNY1.90
100    @a19980109d1958 em y0chiy0110 ea
101 1  @achi@crus
102    @aCN@b110000
105    @ay z 000yy
106    @ar
200 1  @a测流建筑物@9Ce Liu Jian Zhu Wu @f(苏)戚伯塔列夫(В.И.Чеботарев),(苏)斯库耶(А.Р.Скуе)著@g黄润韶译@b专著
210    @a北京@c水利电力出版社@d1958
215    @a346页@d20cm
304    @a著者通译:В.И.切包达列夫
606 0  @a水文观测@x流量@x水工建筑物
606 0  @a流量观测@x水工建筑物
690    @aP332.4@v3
701  1 @a切包达列夫@9qie bao da lie fu@bВ.И.@4著
701  1 @aЧеботарев@bВ.И.@4著
701  1 @a斯库耶@9si ku ye@bА.Р.@4著
701  1 @aСкуе@bА.Р.@4著
702  0 @a黄润韶@9huang run shao@4译
801  0 @aCN@bAiZhiMarc
905    @aBZT@dP332.4@e3@f1@sP332.4/3
    
    测流建筑物/(苏)戚伯塔列夫(В.И.Чеботарев),(苏)斯库耶(А.Р.Скуе)著/黄润韶译.-北京:水利电力出版社,1958
    346页;20cm
    
    
    ISBN 15143.852:CNY1.90
    
●
相关链接 在五车中查询图书 在当当中查询图书 在豆瓣中查询图书


正题名:测流建筑物     索取号:P332.4/3         预约/预借

序号 登录号 条形码 馆藏地/架位号 状态 备注
1 2000089029   2000089029   旧书回溯/ [索取号:P332.4/3] 在馆    
山东省滨州职业学院图书馆 欢迎您!
大连网信软件有限公司© 版权所有